000 00282nam a2200121Ia 4500
008 150731s2014 xx 000 0 und d
082 _a611
_bH 14 C
100 _aCHAURASIA,B.D.
245 _aHUMAN ANATOMY
260 _bC B S PUB. INDIA
_c2014
300 _a493
942 _2ddc
_cBK
_063
999 _c7973
_d7973